Statystyki dla Rozpoznaj państwo po zdjęciu #9

Kliknij tutaj aby rozwiązać quiz!

Ogólne statystyki

  • Ten quiz został rozwiązany 35 razy
  • Średni wynik to 5 z 10

Statystyki odpowiedzi

Odpowiedź% Poprawnych
Rosja
97%
Malediwy
83%
Irlandia
79%
Węgry
66%
Albania
45%
Mjanma
45%
Libia
38%
Wenezuela
34%
Kazachstan
28%
Haiti
24%

Rozkład punktacji

Percentyl według liczby udzielonych odpowiedzi

Procent ludzi z każdym wynikiem

Twoja historia wyników

Nie rozwiązałeś tego quizu